000 00465pab a2200169 454500
008 180718b2006 xxu||||| |||| 00| 0 eng d
100 _aSomanathan, E.
245 _aMeasuring the marginal value of water and elasticity of demand for water in agriculture
260 _c2006
300 _ap.2712-715.
362 _a30 Jun
650 _aWater
650 _aAgriculture
700 _aRavindranath, R.
773 _aEconomic and Political Weekly
909 _a70199
999 _c70199
_d70199